HRAJEME DIVADLO DĚTEM PŘEDŠKOLNÍHO VĚKU

Bibliographic Details
Main Author: Frélichová, Irena (Author)
Format: Article
Language:Czech

MARC

LEADER 00000nab a2200000uu 4500
001 vtls011141811
003 SK-MaSNL
005 20260303111058.0
008 230121|1958 xo |||||||||||||||||cze|
015 |a SNBRB 
035 |a (urnnbn)urn:nbn:sk:snk:ar-008ctt 
035 |a (uuid)93b1c076-2e1b-4fd2-aee5-23c624417d65 
035 |a urn:nbn:sk:snk-abatfo 
040 |a SNKBUCL  |b slo  |c SNKBUCL  |e AACR2 
041 0 |a cze 
044 |a xo  |c SK 
100 1 |a Frélichová, Irena  |4 aut  |9 1123365 
245 1 0 |a HRAJEME DIVADLO DĚTEM PŘEDŠKOLNÍHO VĚKU  |c Irena Frélichová 
773 0 |t Předškolní výchova  |g Roč. 12, č. 6 (1958), s. 241-242 
954 |a odborná, vedecká literatúra cudzojazyčná (svetová)  |2 lita 
958 |a OND 
958 |a EUIPO 
958 |a article14 
999 |c 1874701  |d 1876631